| 000 | 00664nam a22002057a 4500 | ||
|---|---|---|---|
| 999 |
_c11186 _d11186 |
||
| 003 | AR-CdUCM | ||
| 008 | 190403b ||||| |||| 00| 0 spa d | ||
| 040 |
_aMUNICIPALIDAD PROVINCIAL DEL CUSCO _cBIBLIOTECA MUNICIPAL DEL CUSCO |
||
| 082 |
_25ed. _aES / 373.460 / _bT73 |
||
| 100 |
_aTorres Vives, Manuel _928412 |
||
| 245 |
_aLenguaje : _bPrimer año de secundaria / |
||
| 260 |
_aLima : _bUniverso S. A. |
||
| 300 |
_a192 páginas ; _c24cm |
||
| 505 | _aContenido: Lecturas -- Elocución -- Redacción -- Teoría | ||
| 650 |
_aLecturas _96094 |
||
| 650 |
_aLenguaje _93528 |
||
| 650 |
_aEducación secundaria _94648 |
||
| 942 |
_2ddc _cLIBROS |
||
| 945 | _anom | ||